El paraíso perdido / (Record no. 186100)

MARC details
000 -LEADER
campo de control de longitud fija 00828nam a2200253 i 4500
001 - NÚMERO DE CONTROL
campo de control 186100
003 - IDENTIFICADOR DE NÚMERO DE CONTROL
campo de control SpMaBN
005 - FECHA Y HORA DE LA ÚLTIMA TRANSACCIÓN
campo de control 20230906222605.0
008 - DATOS DE LONGITUD FIJA--INFORMACIÓN GENERAL
campo de control de longitud fija 160908s1986 sp a |||| |dspa d
020 ## - NÚMERO INTERNACIONAL ESTÁNDAR DEL LIBRO
Número Internacional Estándar del Libro 84-376-0591-1
080 ## - NÚMERO DE LA CLASIFICACIÓN DECIMAL UNIVERSAL
Número de la Clasificación Decimal Universal 821.111-13"16"
100 1# - ENTRADA PRINCIPAL--NOMBRE DE PERSONA
Nombre de persona Milton, John (
Fechas asociadas al nombre 1608-1674)
9 (RLIN) 81300
240 10 - TÍTULO UNIFORME
Título uniforme Paradise lost.
Lenguaje de la obra Español
245 13 - MENCIÓN DEL TÍTULO
Título El paraíso perdido /
Mención de responsabilidad, etc. John Milton ; edición de Esteban Pujals ; traducción de Esteban Pujals.
260 ## - PUBLICACIÓN, DISTRIBUCIÓN, ETC.
Lugar de publicación, distribución, etc. Madrid :
Nombre del editor, distribuidor, etc. Cátedra,
Fecha de publicación, distribución, etc. [1986]
300 ## - DESCRIPCIÓN FÍSICA
Extensión 509 p. :
Otras características físicas il. ;
Dimensiones 18 cm.
490 1# - MENCIÓN DE SERIE
Mención de serie Letras universales ;
Designación de volumen o secuencia 53
504 ## - NOTA DE BIBLIOGRAFÍA, ETC.
Nota de bibliografía, etc. Bibliografía: p. 63-65.
700 1# - ENTRADA AGREGADA--NOMBRE PERSONAL
Nombre de persona Pujals, Esteban.
9 (RLIN) 94322
830 1# - PUNTO DE ACCESO ADICIONAL DE SERIE-TÍTULO UNIFORME
Título uniforme Letras universales ;
Designación de volumen o secuencia 53
9 (RLIN) 178013
852 ## - LOCALIZACIÓN
Ubicación ES-MaACL
Número de control de estantería L-30648
Nota libre - Donat. Miguel A. Velasco
942 ## - ELEMENTOS DE ENTRADA SECUNDARIOS (KOHA)
Fuente del sistema de clasificación o colocación Clasificación decimal universal
Holdings
Estatus retirado Estado de pérdida Fuente del sistema de clasificación o colocación Estado de daño No para préstamo Biblioteca de origen Biblioteca actual Ubicación en estantería Fecha de adquisición Total de préstamos Signatura topográfica completa Código de barras Visto por última vez Precio de reemplazo Tipo de ítem Koha
    Clasificación decimal universal     Biblioteca del Ateneo de Madrid Biblioteca del Ateneo de Madrid Depósito 2 08/09/2016   L-30648 1196205 23/02/2023 23/02/2023 Libro impreso